مكتبة جامعة عجلون الوطنية

فهرس بحث المكتبة

مدى تأثير عناصر الحاكمية المؤسسية على قرارات المستثمرين المؤسسين والأفراد في بورصة عمان دراسة ميدانية = The Extent of the Impact of Elements of Corporate Governance on the Institutional and Individual Investors in Amman Stock Exchange (field study / (Record no. 33011)

MARC details
000 -LEADER
fixed length control field 01396nam a2200229Ii 4500
003 - CONTROL NUMBER IDENTIFIER
control field JO-AjNU
005 - DATE AND TIME OF LATEST TRANSACTION
control field 20240623131359.0
008 - FIXED-LENGTH DATA ELEMENTS--GENERAL INFORMATION
fixed length control field 230605s9999||||xx |||||||||||||| ||und||
040 ## - CATALOGING SOURCE
Original cataloging agency JO-AjNU
Language of cataloging ara
Description conventions rda
Transcribing agency JO-AjNU
041 ## - LANGUAGE CODE
Language code of text/sound track or separate title ara
100 #1 - MAIN ENTRY--PERSONAL NAME
Personal name القضاة، حمزة احمد علي
9 (RLIN) 65022
Relator term معد
245 ## - TITLE STATEMENT
Title مدى تأثير عناصر الحاكمية المؤسسية على قرارات المستثمرين المؤسسين والأفراد في بورصة عمان دراسة ميدانية = The Extent of the Impact of Elements of Corporate Governance on the Institutional <br/><br/>and Individual Investors in Amman Stock Exchange (field study /
Statement of responsibility, etc. اعداد حمزة احمد علي القضاة ؛ اشراف تركي الحمود
260 ## - PUBLICATION, DISTRIBUTION, ETC.
Date of publication, distribution, etc. 2011
300 ## - PHYSICAL DESCRIPTION
Extent 99 ورقة
336 ## - CONTENT TYPE
Content type term text
Content type code txt
Source rdacontent
337 ## - MEDIA TYPE
Media type term unmediated
Media type code n
Source rdamedia
338 ## - CARRIER TYPE
Carrier type term volume
Carrier type code nc
Source rdacarrier
504 ## - BIBLIOGRAPHY, ETC. NOTE
Bibliography, etc. note رسالة جامعية (ماجستير).- جامعة اليرموك (إربد، الأردن)، كلية الإقتصاد والعلوم الإدارية ؛ قسم المحاسبة، 2011<br/>ببليوجرافيا : ص. 76-81.<br/>تتضمن ملخصا باللغتين العربية والإنجليزية.
650 70 - SUBJECT ADDED ENTRY--TOPICAL TERM
Topical term or geographic name entry element بورصة عمان - استثمار - سوق عمان المالي
9 (RLIN) 65023
700 #1 - ADDED ENTRY--PERSONAL NAME
Personal name الحمود، تركي
9 (RLIN) 64672
Relator term مشرف
942 ## - ADDED ENTRY ELEMENTS (KOHA)
Source of classification or shelving scheme Library of Congress Classification
Koha item type Thesis
Holdings
Withdrawn status Lost status Source of classification or shelving scheme Damaged status Not for loan Home library Current library Shelving location Date acquired Total Checkouts Full call number Barcode Date last seen Price effective from Koha item type
    Library of Congress Classification     مكتبة جامعة عجلون الوطنية مكتبة جامعة عجلون الوطنية المجموعات العامة 12/12/2023   HG5711.A6.Q32.2011 A29443 06/06/2023 12/12/2023 Thesis